The school and community relations / (Record no. 16695)

000 -LEADER
fixed length control field 01282cam a2200313 a 4500
001 - CONTROL NUMBER
control field 12001674
005 - DATE AND TIME OF LATEST TRANSACTION
control field 20161116121107.0
008 - FIXED-LENGTH DATA ELEMENTS--GENERAL INFORMATION
fixed length control field 000509s2001 maua b 001 0 eng
010 ## - LIBRARY OF CONGRESS CONTROL NUMBER
LC control number 00040130
020 ## - INTERNATIONAL STANDARD BOOK NUMBER
International Standard Book Number 020532200X
040 ## - CATALOGING SOURCE
Original cataloging agency DLC
Transcribing agency DLC
Modifying agency DLC
043 ## - GEOGRAPHIC AREA CODE
Geographic area code n-us---
050 00 - LIBRARY OF CONGRESS CALL NUMBER
Classification number LC221
Item number .G35 2001
082 00 - DEWEY DECIMAL CLASSIFICATION NUMBER
Classification number 371.19/0973
Edition number 21
100 1# - MAIN ENTRY--PERSONAL NAME
Personal name Bagin, Don,
Dates associated with a name 1938-
245 14 - TITLE STATEMENT
Title The school and community relations /
Statement of responsibility, etc. Don Bagin, Donald R. Gallagher.
250 ## - EDITION STATEMENT
Edition statement 7th ed.
260 ## - PUBLICATION, DISTRIBUTION, ETC. (IMPRINT)
Place of publication, distribution, etc. Boston, MA :
Name of publisher, distributor, etc. Allyn and Bacon,
Date of publication, distribution, etc. c2001.
300 ## - PHYSICAL DESCRIPTION
Extent x, 342 p. :
Other physical details ill. ;
Dimensions 25 cm.
500 ## - GENERAL NOTE
General note Rev. ed. of : The school and community relations / Donald R. Gallagher, Don Bagin, Leslie W. Kindred. 6th ed. c1997.
504 ## - BIBLIOGRAPHY, ETC. NOTE
Bibliography, etc Includes bibliographical references and index.
650 #0 - SUBJECT ADDED ENTRY--TOPICAL TERM
Topical term or geographic name as entry element Community and school
Geographic subdivision United States.
650 #0 - SUBJECT ADDED ENTRY--TOPICAL TERM
Topical term or geographic name as entry element Schools
General subdivision Public relations
Geographic subdivision United States.
650 #0 - SUBJECT ADDED ENTRY--TOPICAL TERM
Topical term or geographic name as entry element Communication in education
Geographic subdivision United States.
700 1# - ADDED ENTRY--PERSONAL NAME
Personal name Gallagher, Donald R.,
Dates associated with a name 1929-
700 1# - ADDED ENTRY--PERSONAL NAME
Personal name Gallagher, Donald R.,
Dates associated with a name 1929-
Title of a work School and community relations.
906 ## - LOCAL DATA ELEMENT F, LDF (RLIN)
a 7
b cbc
c orignew
d 1
e ocip
f 20
g y-gencatlg
942 ## - ADDED ENTRY ELEMENTS (KOHA)
Source of classification or shelving scheme
Koha item type Hard Covered Materials
Classification part LC221 .G35 2001
Holdings
Withdrawn status Lost status Source of classification or shelving scheme Damaged status Not for loan Home library Current library Shelving location Date acquired Source of acquisition Total Checkouts Full call number Barcode Date last seen Price effective from Koha item type
          MACHAKOS UNIVERSITY LIBRARY MACHAKOS UNIVERSITY LIBRARY Technical section 16/11/2016 Donation (BFA)   LC221 .G35 2001 27973 12/06/2019 16/11/2016 Hard Covered Materials
© Machakos University Library, Along The Highway, Machakos Wote Rd, Machakos, Kenya P.O. Box 136 - 90100 Machakos - Kenya

Tel: ( +254 ) 723 805829 OR Fax : 044-20353 OR Email: library@mksu.ac.ke